000 00316nab a22001097u 4500
008 130520b1989 xxu||||| |||| 00| 0 spa d
041 _aspa
100 1 _aSteigleder, K.
_967461
245 0 0 _aProblemas de ética aplicada
_cK. Steigleder
773 0 _tConcilium
_gV.1,1989,págs.453-461
_x0210-1041
_wRev134
942 _cAR
999 _c355475
_d355475